Mongolia : Measuring the Output Gap /

This paper compares the output gap estimates for Mongolia based on a number of different methods. Special attention is paid to the substantial role of mining in the Mongolian economy. We find that a Blanchard and Quah-type joint model of output and inflation provides a more robust estimate of the ou...

Fuld beskrivelse

Bibliografiske detaljer
Hovedforfatter: Bersch, Julia
Andre forfattere: Sinclair, Tara
Format: Tidsskrift
Sprog:English
Udgivet: Washington, D.C. : International Monetary Fund, 2011.
Serier:IMF Working Papers; Working Paper ; No. 2011/079
Online adgang:Full text available on IMF
LEADER 01429cas a2200253 a 4500
001 AALejournalIMF007124
008 230101c9999 xx r poo 0 0eng d
020 |c 5.00 USD 
020 |z 9781455226092 
022 |a 1018-5941 
040 |a BD-DhAAL  |c BD-DhAAL 
100 1 |a Bersch, Julia. 
245 1 0 |a Mongolia :   |b Measuring the Output Gap /  |c Julia Bersch, Tara Sinclair. 
264 1 |a Washington, D.C. :  |b International Monetary Fund,  |c 2011. 
300 |a 1 online resource (16 pages) 
490 1 |a IMF Working Papers 
500 |a <strong>Off-Campus Access:</strong> No User ID or Password Required 
500 |a <strong>On-Campus Access:</strong> No User ID or Password Required 
506 |a Electronic access restricted to authorized BRAC University faculty, staff and students 
520 3 |a This paper compares the output gap estimates for Mongolia based on a number of different methods. Special attention is paid to the substantial role of mining in the Mongolian economy. We find that a Blanchard and Quah-type joint model of output and inflation provides a more robust estimate of the output gap for Mongolia than the traditional statistical decompositions. 
538 |a Mode of access: Internet 
700 1 |a Sinclair, Tara. 
830 0 |a IMF Working Papers; Working Paper ;  |v No. 2011/079 
856 4 0 |z Full text available on IMF  |u http://elibrary.imf.org/view/journals/001/2011/079/001.2011.issue-079-en.xml  |z IMF e-Library